00711nam a22002057a 4500003001100000005001700011008004100028020001500069040003900084041000800123082001500131245004900146260005900195300002700254650002300281942000700304952008900311952009000400999001500490LK-CoMWRAF20230920111451.0230830b1996 |||||||| |||| 00| 0 eng d a1881482030 aLK-CoMWRAFdLK-CoMWRAFeLK-CoMWRAF aeng a305.4bWOM aWomen and human rights:bthe basic documents aNew York:bCenter for the study of Human Rights,c1996 a251 p.bIndex included aWOMEN-Human rights cBK 00104070aMAINbMAINd2023-08-30l0o305.4 WOMpRAF419r2023-08-30w2023-08-30yBK 00104070aMAINbMAINd2023-10-24l0o305.4 WOMpRAF1838r2023-10-24w2023-10-24yBK c3314d3314